000 01128cam a2200277 i 4500
003 SA-RiAUC
005 20251112113631.0
008 251111s1996____le g 00000 ara c
040 _aSA-JeALM
_bara
_cSA-RiAUC
_erda
082 0 4 _a212
090 _a212
_bع ب د ل
100 1 _aعبد الله الحداد، عبد الله بن علوي بن محمد،
_d1044-1132 هجري
_eمؤلف.
245 1 2 _aالحكم /
_cالحبيب عبد الله بن علوي الحداد الحسيني ؛ علق عليه حسنين محمد مخلوف.
250 _aالطبعة الأولى.
264 1 _aبيروت :
_bدار ابن حزم،
_c1996
300 _a48 صفحة ؛
_c20 سم
336 _aنص
_btxt
_2rdacontent
_3كتاب
337 _aبدون وسيط
_bn
_2rdamedia
338 _aمجلد
_bnc
_2rdacarrier
650 7 _aالوعظ والإرشاد
_2aucsh
650 7 _aالأخلاق الإسلامية
_2aucsh
650 7 _aالأمثال العربية
_2aucsh
700 1 _aمخلوف، حسنين محمد،
_d1890-1990
_eمعلق.
942 _2ddc
_cBOOK
_n0
949 _aSA-JeALM
_d251111
_umohamedma123
_n1
999 _c13189
_d13189